[Event "DEN-ch"]
[Site "Greve"]
[Date "2002.03.26"]
[Round "4"]
[White "Pilgaard, Kim"]
[Black "Schandorff, Lars"]
[Result "0-1"]
[WhiteElo "2400"]
[BlackElo "2545"]
[PlyCount "110"]
[EventDate "2002.03.23"]
[EventType "tourn"]
[EventRounds "9"]
[EventCountry "DEN"]
[EventCategory "8"]
[Source "ChessBase"]
[SourceDate "2002.05.03"]

1. e4 c6 2. d4 d5 3. exd5 cxd5 4. c4 Nf6 5. Nc3 e6 6. c5 Be7 7. Nf3 O-O 8. b4
b6 9. Bf4 Ne4 10. Qc2 Nc6 11. Rb1 bxc5 12. Nxe4 dxe4 13. Qxe4 Nxd4 14. Bd3
Nxf3+ 15. Qxf3 Bd7 16. O-O cxb4 17. Rfd1 Qe8 18. Be4 Ba4 19. Re1 Rc8 20. Qh3 f5
21. Bd3 Qd7 22. Qe3 Rc6 23. Rbc1 Bf6 24. Rxc6 Bxc6 25. Qxe6+ Qxe6 26. Rxe6 Rd8
27. Bc2 Be4 28. Bb3 Bd5 29. Re1 Bxb3 30. axb3 Bc3 31. Rb1 Kf7 32. Kf1 a5 33.
Ke2 Ke6 34. Bc7 Rd2+ 35. Ke3 Rd5 36. Ke2 Rd2+ 37. Ke3 Rd5 38. Ke2 Kd7 39. Bf4
Kc6 40. Rd1 Rxd1 41. Kxd1 Kb5 42. Kc2 a4 43. f3 a3 44. Kb1 Kc5 45. Be3+ Kd5 46.
h3 Ke5 47. Bc5 Kf4 48. Bf2 g5 49. Ka2 h5 50. Kb1 g4 51. fxg4 hxg4 52. hxg4 fxg4
53. Ka2 Ke4 54. Kb1 Kd3 55. g3 Bd4 0-1

[Event "DEN-ch"]
[Site "Greve"]
[Date "2002.03.28"]
[Round "6"]
[White "Schandorff, Lars"]
[Black "Fries Nielsen, Jens Ove"]
[Result "1/2-1/2"]
[WhiteElo "2545"]
[BlackElo "2454"]
[PlyCount "29"]
[EventDate "2002.03.23"]
[EventType "tourn"]
[EventRounds "9"]
[EventCountry "DEN"]
[EventCategory "8"]
[Source "ChessBase"]
[SourceDate "2002.05.03"]

1. d4 Nf6 2. c4 c5 3. d5 e6 4. Nc3 exd5 5. cxd5 d6 6. e4 g6 7. Nf3 a6 8. h3 b5
9. Bd3 Bg7 10. O-O O-O 11. Bf4 Re8 12. Re1 Ra7 13. a3 Rae7 14. Qc2 Bb7 15. Rac1
1/2-1/2

[Event "DEN-ch"]
[Site "Greve"]
[Date "2002.03.25"]
[Round "3"]
[White "Schandorff, Lars"]
[Black "Hoi, Carsten"]
[Result "1/2-1/2"]
[WhiteElo "2545"]
[BlackElo "2407"]
[PlyCount "51"]
[EventDate "2002.03.23"]
[EventType "tourn"]
[EventRounds "9"]
[EventCountry "DEN"]
[EventCategory "8"]
[Source "ChessBase"]
[SourceDate "2002.05.03"]

1. d4 d5 2. c4 dxc4 3. e3 Nf6 4. Bxc4 Nc6 5. Nf3 a6 6. h3 Bf5 7. Nc3 e6 8. O-O
Bd6 9. Qe2 Bg6 10. e4 Bh5 11. g4 Nxg4 12. hxg4 Bxg4 13. Be3 Qf6 14. Kg2 h5 15.
Qd1 e5 16. d5 Nd4 17. Bxd4 exd4 18. e5 Bxe5 19. Re1 O-O-O 20. Ne4 Qf4 21. Qd3
Bd6 22. Nxd6+ Rxd6 23. Ne5 Rf6 24. Qg3 Qd2 25. Rac1 Kb8 26. Rf1 1/2-1/2

[Event "DEN-ch"]
[Site "Greve"]
[Date "2002.03.30"]
[Round "8"]
[White "Schandorff, Lars"]
[Black "Jakobsen, Ole"]
[Result "1/2-1/2"]
[WhiteElo "2545"]
[BlackElo "2405"]
[PlyCount "51"]
[EventDate "2002.03.23"]
[EventType "tourn"]
[EventRounds "9"]
[EventCountry "DEN"]
[EventCategory "8"]
[Source "ChessBase"]
[SourceDate "2002.05.03"]

1. d4 d6 2. Nf3 g6 3. c4 Bg7 4. Nc3 Bg4 5. e3 Nf6 6. Be2 c6 7. O-O O-O 8. b3 a6
9. Bb2 b5 10. Nd2 Bxe2 11. Nxe2 Nbd7 12. Qc2 d5 13. Nf4 Qb8 14. Nd3 Rc8 15.
Rfc1 a5 16. a4 b4 17. cxd5 cxd5 18. Qxc8+ Qxc8 19. Rxc8+ Rxc8 20. Rc1 Rxc1+ 21.
Bxc1 Ne8 22. Kf1 e6 23. Ke2 Kf8 24. g4 Ke7 25. Bb2 Nb8 26. h3 1/2-1/2